Central Library OPAC University of Rajshahi

American authors and books, 1640-1940 (Record no. 18964)

MARC details
000 -LEADER
fixed length control field 01296nam a2200277 a 4500
001 - CONTROL NUMBER
control field 18964
003 - CONTROL NUMBER IDENTIFIER
rucl marc code BD-RjUL
005 - DATE AND TIME OF LATEST TRANSACTION
control field 20211209000350.0
008 - FIXED-LENGTH DATA ELEMENTS--GENERAL INFORMATION
fixed length control field 750424s1943 nyu 000 0 eng u
035 ## - SYSTEM CONTROL NUMBER
System control number (BD-RjUL)19022
040 ## - CATALOGING SOURCE
Transcribing agency SNN
Modifying agency SER
-- MYG
Original cataloging agency BD-RjUL
Language of cataloging eng
041 ## - LANGUAGE CODE
Language code of text/sound track or separate title eng
082 ## - DEWEY DECIMAL CLASSIFICATION NUMBER
Classification number 015.73
Edition number 23
Author mark and year BUA 1943
100 1# - MAIN ENTRY--PERSONAL NAME
Personal name Burke, William Jeremiah,
Dates associated with a name 1902-1990.
9 (RLIN) 222066
245 10 - TITLE STATEMENT
Title American authors and books, 1640-1940
Statement of responsibility, etc. W.J. Burke and Will D. Howe.
260 ## - PUBLICATION, DISTRIBUTION, ETC. (IMPRINT)
Place of publication, distribution, etc. New York,
Name of publisher, distributor, etc. Gramercy Publishing co.,
Date of publication, distribution, etc. 1943.
300 ## - PHYSICAL DESCRIPTION
Pagination ix, 858 p.
Size 24 cm.
500 ## - GENERAL NOTE
General note "Facts about the writing, illustrating, editing, publishing, reviewing, collecting, selling, and preservation of American books ... The material has been arranged in dictionary form, with cross-reference to related subjects. Bibliographical references for further study are given throughout the handbook."--Pref.
650 #0 - SUBJECT ADDED ENTRY--TOPICAL TERM
Topical term or geographic name as entry element American literature
Form subdivision Bio-bibliography.
9 (RLIN) 222067
Topical term or geographic name as entry element American literature
Form subdivision Dictionaries.
9 (RLIN) 222068
Topical term or geographic name as entry element Booksellers and bookselling
Geographic subdivision United States.
9 (RLIN) 222069
Topical term or geographic name as entry element Publishers and publishing
Geographic subdivision United States.
9 (RLIN) 222070
Topical term or geographic name as entry element Learned institutions and societies
Geographic subdivision United States.
9 (RLIN) 222071
700 1# - ADDED ENTRY--PERSONAL NAME
Personal name Howe, Will David,
Dates associated with a name 1873-1946, jt. auth.
942 ## - ADDED ENTRY ELEMENTS (KOHA)
Source of classification or shelving scheme Dewey Decimal Classification
Koha item type Reference
Holdings
Lost status Source of classification or shelving scheme Damaged status Not for loan Collection code Permanent Location Current Location Shelving location Date acquired Total Checkouts Full call number Date last seen Copy number Koha item type
  Dewey Decimal Classification   Not For Loan Reference Central Library, University of Rajshahi Central Library, University of Rajshahi   01/08/2018   R 015.73 BUA 1943 01/08/2018 C-1 Reference